| 000 | 00885nam a2200313 4500 | ||
|---|---|---|---|
| 001 | |||
| 003 | DO-SdBNP | ||
| 005 | 20171201090707.0 | ||
| 007 | 000029612 | ||
| 008 | 110419s1998 cr a 000 0 spa d | ||
| 040 |
_aBPMSU _bspa _cBPMSU |
||
| 082 | 0 | 4 |
_a _b |
| 245 | 0 | 0 |
_aDeserción escolar : _btrabajo infantil, trabajos premiados _c |
| 250 | _a | ||
| 260 |
_aCosta Rica : _bFundación Santillana, _c1998 |
||
| 300 |
_a272 p. : _bil. ; _c25 cm. |
||
| 650 | _a | ||
| 650 | _a | ||
| 650 | _a | ||
| 650 | _aAUTORIDAD | ||
| 700 | _a | ||
| 700 |
_a _e |
||
| 700 |
_a Wrigth, Norma _ecomp. |
||
| 710 | 2 |
_aPontificia Universidad Católica Madre y Maestra _b. Centro de Educación Cívica de Los Angeles |
|
| 942 |
_2ddc _cBK |
||
| 945 | _aInventariado extranjero / 2017 VM | ||
| 956 |
_aVMATEO _b10 _c20110506 _lBPMSU _h0069 |
||
| 956 | _aValidado. Control de calidad MFF | ||
| 999 |
_c13228 _d13228 |
||